[Event "Pardubice op rapid 30th"]
[Site "Pardubice"]
[Date "2019.07.19"]
[Round "7"]
[White "Malygin, Vladislav"]
[Black "Rosko, Lubos"]
[Result "1-0"]
[WhiteElo "1855"]
[BlackElo "2309"]
[PlyCount "57"]
[EventDate "2019.07.17"]
[EventType "swiss (rapid)"]
[EventRounds "9"]
[EventCountry "CZE"]
[SourceTitle "CBM 191 Extra"]
[Source "ChessBase"]
[SourceDate "2019.09.30"]
[SourceVersion "1"]
[SourceVersionDate "2019.09.30"]
[SourceQuality "1"]

1. c4 g6 2. Nc3 c5 3. Nf3 Bg7 4. d4 cxd4 5. Nxd4 Nc6 6. e3 Nf6 7. g3 d5 8. Bg2 Nxd4 9. Qxd4 dxc4 10. Qxd8+ Kxd8 11. 0-0 a6 12. e4 e5 13. f4 Be6 14. f5 gxf5 15. exf5 Bc8 16. Bg5 Ke8 17. Rae1 Kf8 18. Rxe5 Rb8 19. Rc5 h6 20. Bf4 Nd7 21. Rxc4 Be5 22. Bxe5 Nxe5 23. Rc7 Kg7 24. f6+ Kf8 25. Rd1 Bg4 26. Rd6 h5 27. Rxb7 Re8 28. Nd5 h4 29. Re7 1-0

[Event "Pardubice op rapid 30th"]
[Site "Pardubice"]
[Date "2019.07.19"]
[Round "9"]
[White "Sreyas, Payyappat"]
[Black "Rosko, Lubos"]
[Result "0-1"]
[WhiteElo "2072"]
[BlackElo "2309"]
[PlyCount "102"]
[EventDate "2019.07.17"]
[EventType "swiss (rapid)"]
[EventRounds "9"]
[EventCountry "CZE"]
[SourceTitle "CBM 191 Extra"]
[Source "ChessBase"]
[SourceDate "2019.09.30"]
[SourceVersion "1"]
[SourceVersionDate "2019.09.30"]
[SourceQuality "1"]

1. e4 c5 2. Nf3 d6 3. d4 cxd4 4. Nxd4 Nf6 5. Nc3 a6 6. f4 e5 7. Nf3 Nbd7 8. Be2 Be7 9. 0-0 0-0 10. f5 b5 11. a3 Bb7 12. Bd3 Rc8 13. Bg5 d5 14. exd5 Nxd5 15. Bxe7 Qxe7 16. Nxd5 Bxd5 17. Re1 e4 18. Bf1 Nf6 19. Nd4 Bb7 20. c3 Rfe8 21. Qb3 Qe5 22. h3 e3 23. a4 Bd5 24. Qd1 bxa4 25. Rxa4 Rb8 26. b3 Qg3 27. c4 Qf2+ 28. Kh2 Bb7 29. Qe2 Qf4+ 30. g3 Qxd4 31. Bg2 Bxg2 32. Kxg2 Rxb3 33. Rxa6 Rb2 34. Ra2 Rxe2+ 35. Raxe2 Qxc4 36. g4 Nd5 37. Kg3 Qf4+ 38. Kg2 h5 39. gxh5 Qg5+ 40. Kf3 Qxf5+ 41. Kg3 Qg5+ 42. Kf3 Qxh5+ 43. Kg3 Re6 44. Kh2 Qe5+ 45. Kh1 Qe4+ 46. Kh2 Qf4+ 47. Kh1 Qf3+ 48. Kh2 Nf4 49. Rc2 Qxh3+ 50. Kg1 Rg6+ 51. Rg2 Qxg2# 0-1

[Event "Pardubice op rapid 30th"]
[Site "Pardubice"]
[Date "2019.07.17"]
[Round "3"]
[White "Lymar, Vladislav"]
[Black "Rosko, Lubos"]
[Result "1-0"]
[WhiteElo "2024"]
[BlackElo "2309"]
[PlyCount "143"]
[EventDate "2019.07.17"]
[EventType "swiss (rapid)"]
[EventRounds "9"]
[EventCountry "CZE"]
[SourceTitle "CBM 191 Extra"]
[Source "ChessBase"]
[SourceDate "2019.09.30"]
[SourceVersion "1"]
[SourceVersionDate "2019.09.30"]
[SourceQuality "1"]

1. e4 c5 2. Nf3 d6 3. d4 cxd4 4. Qxd4 a6 5. c4 Nc6 6. Qd3 g6 7. Be2 Bg7 8. h3 Nf6 9. Nc3 0-0 10. 0-0 Be6 11. Be3 Nd7 12. Rac1 Nde5 13. Nxe5 Nxe5 14. Qd2 Nxc4 15. Bxc4 Bxc4 16. Rfd1 Rc8 17. b3 Be6 18. Na4 Rxc1 19. Rxc1 Bd7 20. Nb6 Bc6 21. Qd3 f5 22. exf5 gxf5 23. Nd5 e6 24. Nf4 Qe7 25. Qc4 d5 26. Qd3 d4 27. Bxd4 Rd8 28. Bc5 Rxd3 29. Bxe7 Rd7 30. Bc5 Bh6 31. Be3 e5 32. Nd5 Bg7 33. Nb6 Rd8 34. Nc4 f4 35. Bb6 Rd7 36. f3 e4 37. fxe4 Bxe4 38. Rf1 Bh6 39. Ne5 Rd2 40. Rf2 Rd5 41. Ng4 Bg5 42. h4 Bxh4 43. Rxf4 Bb1 44. Nh6+ Kg7 45. Rxh4 Bxa2 46. b4 Rb5 47. Bd4+ Kg6 48. Bc3 Be6 49. Ng4 Rg5 50. Ne5+ Kf5 51. Rxh7 Bd5 52. g4+ Ke4 53. Kf2 b6 54. Re7 Rg8 55. Kg3 a5 56. bxa5 bxa5 57. Bxa5 Kd4 58. Bd2 Be4 59. Bf4 Bf5 60. g5 Rh8 61. g6 Bxg6 62. Nxg6 Rg8 63. Re6 Kd5 64. Rd6+ Ke4 65. Kg4 Rd8 66. Re6+ Kd5 67. Re1 Ra8 68. Kf5 Ra2 69. Rd1+ Kc5 70. Ne5 Kb5 71. Rc1 Rf2 72. Ke4 1-0

[Event "Pardubice op rapid 30th"]
[Site "Pardubice"]
[Date "2019.07.17"]
[Round "2"]
[White "Rosko, Lubos"]
[Black "Flajsman, Pavel"]
[Result "1/2-1/2"]
[WhiteElo "2309"]
[BlackElo "1917"]
[PlyCount "136"]
[EventDate "2019.07.17"]
[EventType "swiss (rapid)"]
[EventRounds "9"]
[EventCountry "CZE"]
[SourceTitle "CBM 191 Extra"]
[Source "ChessBase"]
[SourceDate "2019.09.30"]
[SourceVersion "1"]
[SourceVersionDate "2019.09.30"]
[SourceQuality "1"]

1. d4 Nf6 2. Bf4 e6 3. e3 c5 4. c3 Nc6 5. Nd2 cxd4 6. exd4 Be7 7. Ngf3 0-0 8. Bd3 d6 9. h3 b6 10. 0-0 Bb7 11. Qe2 Rc8 12. Rfe1 Qc7 13. Rad1 Nb8 14. Ng5 Qc6 15. Nde4 h6 16. Nxf6+ Bxf6 17. d5 Qa4 18. Ne4 Be5 19. Bxe5 dxe5 20. dxe6 Bxe4 21. exf7+ Rxf7 22. Qxe4 Qxe4 23. Rxe4 Re7 24. Bb5 a6 25. Ba4 b5 26. Bb3+ Kh8 27. Rd6 Rce8 28. Bd5 Rd7 29. Rxd7 Nxd7 30. Bc6 Nf6 31. Bxe8 Nxe4 32. Kf1 Kg8 33. Bc6 Nd6 34. Ke2 Kf7 35. a4 Ke6 36. axb5 axb5 37. Kd3 g6 38. b3 g5 39. g3 h5 40. h4 gxh4 41. gxh4 Nf5 42. Bxb5 Nxh4 43. Ke4 Ng2 44. Bc4+ Kd6 45. Bf1 Nf4 46. b4 h4 47. Kf3 Nd5 48. Kg4 Nxc3 49. Kxh4 Ne4 50. f3 Nd2 51. Be2 Nb1 52. Kg4 Nc3 53. Bc4 Na4 54. Kf5 Nb6 55. Bb3 Nd7 56. Ke4 Nb8 57. Kd3 Nc6 58. Kc4 Nd4 59. Bd1 Nf5 60. Kb5 Ng3 61. Kb6 e4 62. f4 e3 63. b5 e2 64. Bxe2 Nxe2 65. f5 Nd4 66. f6 Nxb5 67. f7 Ke7 68. Kxb5 Kxf7 1/2-1/2

[Event "Pardubice Czech op-E 30th"]
[Site "Pardubice"]
[Date "2019.07.14"]
[Round "6.5"]
[White "Rosko, Lubos"]
[Black "Nguyen, Alex Dac Vuong"]
[Result "1/2-1/2"]
[WhiteElo "2309"]
[BlackElo "2267"]
[PlyCount "41"]
[EventDate "2019.07.11"]
[EventType "team-swiss"]
[EventRounds "7"]
[EventCountry "CZE"]
[SourceTitle "EXT 2020"]
[Source "ChessBase"]
[SourceDate "2019.10.17"]
[SourceVersion "1"]
[SourceVersionDate "2019.10.17"]
[SourceQuality "1"]
[WhiteTeam "Roskov Chess Academy"]
[BlackTeam "Leipzig SG"]
[WhiteTeamCountry "CZE"]
[BlackTeamCountry "GER"]

1. e4 c5 2. Nf3 e6 3. b3 d6 4. d4 cxd4 5. Nxd4 Nf6 6. Bd3 a6 7. 0-0 g6 8. Bb2 Bg7 9. c4 0-0 10. Nc3 Qc7 11. Rc1 Re8 12. Qd2 Ng4 13. Be2 Bh6 14. f4 e5 15. Nd5 Qd8 16. Bxg4 Bxg4 17. Nc2 Be6 18. Nce3 Nd7 19. Rce1 b5 20. Qf2 Nc5 21. Qc2 1/2-1/2

[Event "CZE-chT 1819"]
[Site "Czech Republic"]
[Date "2019.02.09"]
[Round "7.5"]
[White "Kanok, Jaroslav"]
[Black "Rosko, Lubos"]
[Result "0-1"]
[WhiteElo "2146"]
[BlackElo "2272"]
[PlyCount "82"]
[EventDate "2018.11.03"]
[EventType "team-tourn"]
[EventRounds "11"]
[EventCountry "CZE"]
[SourceTitle "CBM 188 Extra"]
[Source "ChessBase"]
[SourceDate "2019.02.26"]
[SourceVersion "1"]
[SourceVersionDate "2019.02.26"]
[SourceQuality "1"]
[WhiteTeam "Ostrava Labortech"]
[BlackTeam "Pardubice"]
[WhiteTeamCountry "CZE"]
[BlackTeamCountry "CZE"]

1. Nf3 Nf6 2. g3 d5 3. Bg2 g6 4. d3 Bg7 5. 0-0 0-0 6. Nbd2 c5 7. c3 Nc6 8. e4 e5 9. Qc2 Re8 10. Rb1 a5 11. Re1 h6 12. h3 a4 13. Nf1 Be6 14. b4 axb3 15. axb3 Qd7 16. g4 h5 17. gxh5 Nxh5 18. Ng5 d4 19. Nxe6 Qxe6 20. cxd4 Nxd4 21. Qd1 Nf4 22. Bxf4 exf4 23. Nh2 Ra2 24. Nf3 Nb5 25. Qc1 Na3 26. Qxc5 Nxb1 27. Rxb1 Rc8 28. Qb5 Qc6 29. Qc4 b5 30. Qxc6 Rxc6 31. e5 Rcc2 32. d4 Rxf2 33. Bh1 Bf8 34. Rd1 Rfb2 35. e6 fxe6 36. Ng5 Bh6 37. Nf3 Rxb3 38. d5 Bf8 39. Nd4 Bc5 40. dxe6 Bxd4+ 41. Kf1 f3 0-1

[Event "CZE-chT 1718"]
[Site "Czech Republic"]
[Date "2018.04.08"]
[Round "11.1"]
[White "Miton, Kamil"]
[Black "Rosko, Lubos"]
[Result "1-0"]
[WhiteElo "2596"]
[BlackElo "2312"]
[PlyCount "81"]
[EventDate "2017.11.18"]
[EventType "team-tourn"]
[EventRounds "11"]
[EventCountry "CZE"]
[SourceTitle "EXT 2019"]
[Source "ChessBase"]
[SourceDate "2018.10.10"]
[SourceVersion "1"]
[SourceVersionDate "2018.10.10"]
[SourceQuality "1"]
[WhiteTeam "Ostrava Labortech"]
[BlackTeam "Tatran Litovel"]
[WhiteTeamCountry "CZE"]
[BlackTeamCountry "CZE"]

1. d4 Nf6 2. c4 g6 3. g3 c6 4. Bg2 d5 5. e3 Bg7 6. Ne2 0-0 7. 0-0 e6 8. Nd2 Nbd7 9. b3 e5 10. cxd5 Nxd5 11. Ba3 Re8 12. Nc4 exd4 13. Nxd4 Ne5 14. Nd6 Bf8 15. Nxe8 Bxa3 16. Nc2 Bc5 17. e4 Bg4 18. Qd2 Nb6 19. Qxd8 Rxd8 20. Nf6+ Kg7 21. Nxg4 Nxg4 22. Rfd1 Bxf2+ 23. Kf1 Re8 24. Bf3 Ne3+ 25. Kxf2 Nxc2 26. Rac1 Nb4 27. Rd4 Na6 28. Rcd1 Nc5 29. Rd8 Re7 30. h4 h5 31. Bg2 Ncd7 32. a4 Ne5 33. Bh3 a5 34. Rb8 Ng4+ 35. Bxg4 hxg4 36. Rdd8 Kf6 37. Re8 Rd7 38. Rbd8 Rc7 39. Rd6+ Kg7 40. Ke3 Nc8 41. Rdd8 1-0

[Event "Marianske Lazne IM-B1 17th"]
[Site "Marianske Lazne"]
[Date "2018.01.23"]
[Round "4"]
[White "Pena Gomez, Manuel"]
[Black "Rosko, Lubos"]
[Result "0-1"]
[WhiteElo "2491"]
[BlackElo "2301"]
[PlyCount "110"]
[EventDate "2018.01.20"]
[EventType "tourn"]
[EventRounds "9"]
[EventCountry "CZE"]
[EventCategory "1"]
[SourceTitle "CBM 182 Extra"]
[Source "ChessBase"]
[SourceDate "2018.02.23"]
[SourceVersion "1"]
[SourceVersionDate "2018.02.23"]
[SourceQuality "1"]

1. g3 g6 2. Bg2 Bg7 3. c4 c5 4. Nc3 Nc6 5. e4 e5 6. Nge2 Nge7 7. 0-0 d6 8. d3 0-0 9. a3 f5 10. Rb1 h6 11. exf5 Bxf5 12. b4 Rb8 13. Ne4 b6 14. N2c3 Nd4 15. h3 Qd7 16. Kh2 g5 17. Be3 g4 18. hxg4 Bxg4 19. f3 Be6 20. Qd2 Nef5 21. Bf2 Ne7 22. Be3 Nef5 23. Bf2 Ne7 24. Qd1 Rbd8 25. Be3 Nef5 26. Bd2 Qf7 27. f4 Qg6 28. Nd5 Bxd5 29. cxd5 Ne7 30. Bh3 exf4 31. gxf4 Kh7 32. Rg1 Qf7 33. Qg4 Rg8 34. Rbf1 Ndf5 35. Qf3 Bd4 36. Rg4 Rxg4 37. Bxg4 Qxd5 38. Qh3 Rg8 39. Re1 Rg6 40. Ng3 Rf6 41. Ne4 Rg6 42. Bh5 Rg7 43. Bf3 Qa2 44. Bg4 Qd5 45. Ng5+ Kh8 46. Qh5 Qa2 47. Re2 Qb1 48. Be1 Qxd3 49. Bxf5 Qxf5 50. Qxh6+ Kg8 51. Qxd6 Rh7+ 52. Nxh7 Qh5+ 53. Bh4 Qxh4+ 54. Kg2 Qg4+ 55. Kh1 Qh3+ 0-1

[Event "CZE-chT 1718"]
[Site "Czech Republic"]
[Date "2017.12.03"]
[Round "4.4"]
[White "Tazbir, Marcin"]
[Black "Rosko, Lubos"]
[Result "1-0"]
[WhiteElo "2520"]
[BlackElo "2312"]
[PlyCount "77"]
[EventDate "2017.11.18"]
[EventType "team-tourn"]
[EventRounds "11"]
[EventCountry "CZE"]
[SourceTitle "CBM 181 Extra"]
[Source "ChessBase"]
[SourceDate "2017.12.12"]
[SourceVersion "1"]
[SourceVersionDate "2017.12.12"]
[SourceQuality "1"]
[WhiteTeam "Brno Moravska Slavia"]
[BlackTeam "Tatran Litovel"]
[WhiteTeamCountry "CZE"]
[BlackTeamCountry "CZE"]

1. e4 c5 2. Nc3 Nc6 3. Bb5 g6 4. Bxc6 bxc6 5. d3 d6 6. f4 Bg7 7. Nf3 Nf6 8. 0-0 0-0 9. Qe1 Rb8 10. b3 Ne8 11. Rb1 Nc7 12. Ne2 Nb5 13. Qh4 e6 14. Qf2 Qb6 15. e5 d5 16. c4 Nd4 17. Nexd4 cxd4 18. Nxd4 Rd8 19. c5 Qa6 20. Qc2 f6 21. exf6 Bxf6 22. Nf3 Re8 23. Be3 Qa5 24. Bd4 Qd8 25. Bxf6 Qxf6 26. Ne5 Bb7 27. Nd7 Qd4+ 28. Qf2 Qxd3 29. Rbd1 Qf5 30. Nxb8 Rxb8 31. Qe2 Re8 32. Rf3 Qf8 33. Qf2 Ba6 34. Re1 Qf5 35. Qd4 Re7 36. h3 h5 37. Re5 Qb1+ 38. Kh2 Kh7 39. f5 1-0

[Event "CZE-chT1W 1718"]
[Site "Czech Republic"]
[Date "2017.10.29"]
[Round "1.5"]
[White "Rosko, Lubos"]
[Black "Soural, Jan"]
[Result "1/2-1/2"]
[WhiteElo "2312"]
[BlackElo "2189"]
[PlyCount "25"]
[EventDate "2017.10.29"]
[EventType "team-tourn"]
[EventRounds "11"]
[EventCountry "CZE"]
[SourceTitle "CBM 181 Extra"]
[Source "ChessBase"]
[SourceDate "2017.12.12"]
[SourceVersion "1"]
[SourceVersionDate "2017.12.12"]
[SourceQuality "1"]
[WhiteTeam "Hradec Kralove Slavia"]
[BlackTeam "Pankrac"]
[WhiteTeamCountry "CZE"]
[BlackTeamCountry "CZE"]

1. d4 Nf6 2. Nf3 g6 3. c4 Bg7 4. Nc3 d5 5. cxd5 Nxd5 6. e4 Nxc3 7. bxc3 c5 8. Rb1 0-0 9. Be2 cxd4 10. cxd4 Qa5+ 11. Bd2 Qxa2 12. 0-0 Bg4 13. Bg5 1/2-1/2

[Event "CZE-chT rap"]
[Site "Pardubice"]
[Date "2017.07.14"]
[Round "3.4"]
[White "Rosko, Lubos"]
[Black "Butkiewicz, Lukasz"]
[Result "1/2-1/2"]
[WhiteElo "2308"]
[BlackElo "2455"]
[PlyCount "82"]
[EventDate "2017.07.13"]
[EventType "team-swiss"]
[EventRounds "7"]
[EventCountry "CZE"]
[SourceTitle "EXT 2018"]
[Source "ChessBase"]
[SourceDate "2017.10.13"]
[SourceVersion "1"]
[SourceVersionDate "2017.10.13"]
[SourceQuality "1"]
[WhiteTeam "Roskov Chess Academy"]
[BlackTeam "Wisznia Mala"]
[WhiteTeamCountry "CZE"]
[BlackTeamCountry "POL"]

1. d4 Nf6 2. Nf3 e6 3. c4 c5 4. e3 cxd4 5. exd4 d6 6. Nc3 Be7 7. Be2 0-0 8. 0-0 b6 9. Rb1 Bb7 10. d5 e5 11. Ne1 Nfd7 12. f4 exf4 13. Bxf4 Ne5 14. Nf3 Nbd7 15. Qd2 Nxf3+ 16. Bxf3 Ne5 17. b3 Ng6 18. Be3 Qd7 19. Nb5 Ne5 20. Rbe1 g6 21. Bh6 Rfe8 22. a4 Bf8 23. Bxf8 Rxf8 24. Nc3 Rae8 25. Ne4 f6 26. Bd1 Qd8 27. Bc2 f5 28. Ng5 Bc8 29. Nf3 Nxf3+ 30. Rxf3 Rxe1+ 31. Qxe1 Re8 32. Re3 Bd7 33. g3 Rxe3 34. Qxe3 Qf6 35. Bd3 Kf7 36. Bf1 g5 37. Be2 f4 38. gxf4 gxf4 39. Qe4 Qg5+ 40. Kf2 Bf5 41. Qf3 Qh4+ 1/2-1/2

[Event "Oberliga Ost-A 1617"]
[Site "Germany"]
[Date "2017.02.19"]
[Round "7.1"]
[White "Rosko, Lubos"]
[Black "Weitzer, Steffen"]
[Result "1/2-1/2"]
[WhiteElo "2345"]
[BlackElo "2224"]
[PlyCount "45"]
[EventDate "2016.10.16"]
[EventType "team-tourn"]
[EventRounds "11"]
[EventCountry "GER"]
[SourceTitle "EXT 2018"]
[Source "ChessBase"]
[SourceDate "2017.10.13"]
[SourceVersion "1"]
[SourceVersionDate "2017.10.13"]
[SourceQuality "1"]
[WhiteTeam "Aue Nickelhuette II"]
[BlackTeam "Leipzig SG II"]
[WhiteTeamCountry "GER"]
[BlackTeamCountry "GER"]

1. d4 Nf6 2. Nf3 g6 3. c4 c5 4. Nc3 Bg7 5. d5 d6 6. e4 0-0 7. Be2 b5 8. cxb5 a6 9. a4 axb5 10. Bxb5 Ba6 11. Bd2 Nbd7 12. 0-0 Qb6 13. Qc2 Ra7 14. b3 Ng4 15. Rab1 Bxc3 16. Bxc3 Bxb5 17. axb5 Qxb5 18. h3 Ngf6 19. Rfd1 Rfa8 20. e5 dxe5 21. Nxe5 Ra2 22. Rb2 Ra1 23. Kh2 1/2-1/2

[Event "CZE-chT1W 1617"]
[Site "Czech Republic"]
[Date "2017.02.05"]
[Round "7.6"]
[White "Kraus, Tomas"]
[Black "Rosko, Lubos"]
[Result "1/2-1/2"]
[WhiteElo "2406"]
[BlackElo "2360"]
[PlyCount "104"]
[EventDate "2016.10.16"]
[EventType "team-tourn"]
[EventRounds "11"]
[EventCountry "CZE"]
[SourceTitle "CBM 177 Extra"]
[Source "ChessBase"]
[SourceDate "2017.04.27"]
[SourceVersion "1"]
[SourceVersionDate "2017.04.27"]
[SourceQuality "1"]
[WhiteTeam "Jicin II"]
[BlackTeam "Hradec Kralove Slavia"]
[WhiteTeamCountry "CZE"]
[BlackTeamCountry "CZE"]

1. e4 c5 2. Nf3 d6 3. d4 cxd4 4. Nxd4 Nf6 5. Nc3 Nc6 6. g3 g6 7. Nde2 Bg7 8. Bg2 0-0 9. 0-0 Bd7 10. h3 Rb8 11. Nd5 Nxd5 12. exd5 Ne5 13. Nd4 Qb6 14. c3 Qa6 15. Re1 Rfe8 16. b3 Bc8 17. c4 Qa5 18. Bd2 Qd8 19. Be3 a6 20. a4 e6 21. dxe6 Bxe6 22. Ra2 Qc7 23. Rd2 Rbd8 24. Nxe6 fxe6 25. Rde2 Nf7 26. Bd2 Qd7 27. h4 Ne5 28. Ba5 b6 29. Bxb6 Rb8 30. a5 Re7 31. f4 Nf7 32. Bh3 Rbe8 33. Rd2 Bc3 34. Bd4 Bxd2 35. Qxd2 Nh6 36. Bb2 Nf5 37. Qc3 e5 38. Bxf5 Qxf5 39. Rd1 Re6 40. b4 Rc8 41. c5 Qe4 42. fxe5 dxc5 43. bxc5 Qc6 44. Kh2 Qxc5 45. Rd8+ Kg7 46. Rd7+ Kg8 47. Rd8+ Kg7 48. Rxc8 Qf2+ 49. Kh1 Qf1+ 50. Kh2 Qf2+ 51. Kh3 Qf1+ 52. Kh2 Qf2+ 1/2-1/2